Code de commerce
Guardat en:
| Autor corporatiu: | |
|---|---|
| Format: | Llibre |
| Idioma: | francès |
| Publicat: |
París
Jurisprudence Générale Dalloz
1978
|
| Edició: | 64a. ed |
| Col·lecció: | Petits Codes Dalloz
|
| Matèries: | |
| Etiquetes: |
Afegir etiqueta
Sense etiquetes, Sigues el primer a etiquetar aquest registre!
|
MARC
| LEADER | 00000nam a2200000 a 4500 | ||
|---|---|---|---|
| 001 | UCR4240 | ||
| 003 | CL-VaPUC | ||
| 008 | 980307e19780000FR |||||||||||||||||fre|d | ||
| 082 | 0 | 4 | |a 346.4407 |b DAL |2 21 |
| 110 | 2 | |a Dalloz |e author |9 404019 | |
| 245 | 1 | 0 | |a Code de commerce |
| 250 | |a 64a. ed | ||
| 300 | |a 1260 p | ||
| 942 | |c BK | ||
| 945 | |d 19980307 00:00:00 |a crobeson | ||
| 260 | |a París |b Jurisprudence Générale Dalloz |c 1978 | ||
| 650 | 0 | |a Derecho comercial |9 256340 | |
| 650 | 7 | |a CODIGO DE COMERCIO FRANCES |2 CL-VaPUC |9 404020 | |
| 650 | 0 | |a Derecho civil |9 255013 | |
| 650 | 0 | |a Derecho privado |9 258243 | |
| 650 | 0 | |a Comercio |9 255341 | |
| 650 | 0 | |a Comerciantes |9 267878 | |
| 651 | 0 | |a Francia |9 255157 | |
| 583 | |a last modification |c 19980307 00:00:00 |k Rodrigo Vera | ||
| 490 | 0 | |a Petits Codes Dalloz | |
| 999 | |c 267188 |d 267186 | ||
| 952 | |0 0 |1 0 |4 0 |6 346_440700000000000_DAL_1978 |7 0 |8 P |9 299411 |a BIBDER |b BIBDER |d 2019-11-20 |i 1948423 |o 346.4407 DAL 1978 |p 1948423 |r 2023-01-25 |w 2019-11-20 |y BK |k DER | ||